|
|
|
|
| LEADER |
01535nam a2200349 a 4500 |
| 001 |
3786 |
| 003 |
BD-DhAAL |
| 005 |
20150325101840.0 |
| 008 |
150325s1990 caua b 001 0 eng c |
| 010 |
|
|
|a 89024660
|
| 020 |
|
|
|a 1555421989 (alk. paper)
|
| 040 |
|
|
|a DNLM/DLC
|c DLC
|d DLC
|d BD-DhAAL
|
| 050 |
0 |
0 |
|a RC457
|b .G28 1990
|
| 082 |
0 |
0 |
|a 616.89/1
|2 20
|
| 100 |
1 |
|
|a Gambrill, Eileen D.,
|d 1934-
|9 10133
|
| 245 |
1 |
0 |
|a Critical thinking in clinical practice :
|b improving the accuracy of judgments and decisions about clients /
|c Eileen Gambrill.
|
| 250 |
|
|
|a 1st ed.
|
| 260 |
|
|
|a San Francisco :
|b Jossey-Bass Publishers,
|c 1990.
|
| 300 |
|
|
|a xvii, 432 p. :
|b ill. ;
|c 23 cm.
|
| 490 |
|
|
|a The Jossey-Bass social and behavioral science series
|
| 500 |
|
|
|a Includes indexes.
|
| 504 |
|
|
|a Includes bibliographical references (p. 367-411)
|
| 541 |
|
|
|e 3786
|
| 650 |
|
0 |
|a Clinical psychology
|x Decision making.
|9 10134
|
| 650 |
|
0 |
|a Counseling
|x Decision making.
|9 10135
|
| 650 |
|
0 |
|a Psychiatric social work
|x Decision making.
|9 10136
|
| 650 |
|
0 |
|a Critical thinking.
|9 10137
|
| 650 |
|
2 |
|a Decision Making.
|9 7644
|
| 942 |
|
|
|2 ddc
|c BK
|
| 999 |
|
|
|c 34162
|d 34162
|
| 952 |
|
|
|0 0
|1 0
|2 ddc
|4 0
|6 616_891000000000000_GAM
|7 0
|9 53304
|a SCL
|b SCL
|c GEN
|d 2015-03-25
|e Gift: The Asia Foundation
|l 1
|m 8
|o 616.891 GAM
|p 3020003786
|r 2019-04-01
|s 2019-01-31
|t 1
|w 2015-03-25
|y BK
|
| 952 |
|
|
|0 0
|1 0
|2 ddc
|4 0
|6 616_891000000000000_GAM
|7 0
|9 53432
|a SCL
|b SCL
|c GEN
|d 2015-04-15
|e Gift: The Asia Foundation
|l 1
|m 2
|o 616.891 GAM
|p 3020005712
|r 2023-08-26
|s 2023-06-02
|t 2
|w 2015-04-15
|y BK
|